| 000 | 00570nam a2200193Ia 4500 | ||
|---|---|---|---|
| 003 | BUBTL | ||
| 008 | 151213s9999 xx 000 0 und d | ||
| 082 | _a341.481 PAH | ||
| 100 |
_aPatwari, A.B.M. Mafizul Islam _92061 |
||
| 245 |
_aHuman Rights In Contemporary International Law _cA.B.M. Mafizul Islam Patwari |
||
| 250 | _a1st ed. | ||
| 260 |
_bHumaist and Ethical Association of Bangladesh _cc1995. _aDhaka |
||
| 300 |
_a324 p. : _c22 cm. |
||
| 650 | _aLaw | ||
| 650 | _aLaw | ||
| 856 |
_k0 _l0 _yDownload |
||
| 942 |
_2ddc _cBK |
||
| 999 |
_c3435 _d3435 |
||